[Event "CRO-chT U20 17th"]
[Site "Sv Filip i Jakov"]
[Date "2008.03.29"]
[Round "10"]
[White "Blazeka, Matej"]
[Black "Petrusic, Branimir"]
[Result "0-1"]
[WhiteElo "1952"]
[BlackElo "1901"]
[PlyCount "68"]
[EventDate "2008.03.25"]
[EventType "team-tourn"]
[EventRounds "11"]
[EventCountry "CRO"]
[SourceTitle "EXT 2010"]
[Source "ChessBase"]
[SourceDate "2010.11.25"]
[SourceVersion "1"]
[SourceVersionDate "2010.11.25"]
[SourceQuality "1"]

1. e4 e6 2. d4 d5 3. Nd2 c5 4. exd5 Qxd5 5. Ngf3 cxd4 6. Bc4 Qd6 7. 0-0 Nc6 8. Nb3 a6 9. Nbxd4 Nxd4 10. Nxd4 Nf6 11. c3 Be7 12. h3 0-0 13. Qe2 Rd8 14. Be3 Qc7 15. a4 b6 16. Rfd1 Nd5 17. Bxd5 Rxd5 18. Nf3 Bb7 19. Rxd5 Bxd5 20. Bd4 Bd6 21. Qe3 Rb8 22. Be5 Bxf3 23. Bxd6 Qxd6 24. Qxf3 Rd8 25. Qe2 a5 26. Kf1 Qh2 27. Ke1 Qxg2 28. Qb5 Qh1+ 29. Qf1 Qd5 30. Qb5 Qd6 31. Qb3 h6 32. Rd1 Qxd1+ 33. Qxd1 Rxd1+ 34. Kxd1 Kf8 0-1

[Event "CRO-chT U20 16th"]
[Site "Sv Filip i Jakov"]
[Date "2007.04.14"]
[Round "10"]
[White "Petrusic, Branimir"]
[Black "Ramesa, Davor"]
[Result "0-1"]
[WhiteElo "1920"]
[BlackElo "2265"]
[PlyCount "90"]
[EventDate "2007.04.10"]
[EventType "team-tourn"]
[EventRounds "11"]
[EventCountry "CRO"]
[SourceTitle "EXT 2010"]
[Source "ChessBase"]
[SourceDate "2010.11.25"]
[SourceVersion "1"]
[SourceVersionDate "2010.11.25"]
[SourceQuality "1"]

1. e4 c5 2. Nf3 e6 3. d4 cxd4 4. Nxd4 Nc6 5. Nc3 Qc7 6. Be3 a6 7. Bd3 Nf6 8. 0-0 Ne5 9. h3 Bc5 10. Nce2 d6 11. Qd2 0-0 12. f4 Nxd3 13. cxd3 Qb6 14. Rf3 e5 15. Nb3 Bxe3+ 16. Qxe3 Qxe3+ 17. Rxe3 Be6 18. d4 Bxb3 19. Rxb3 b5 20. fxe5 dxe5 21. dxe5 Nxe4 22. a4 Nc5 23. Rba3 Nxa4 24. Nc3 Nxb2 25. Nxb5 Nc4 26. Rxa6 Rxa6 27. Rxa6 Nxe5 28. Nc7 g6 29. Ra8 Rxa8 30. Nxa8 Kg7 31. Nb6 Kf6 32. Kf2 Kf5 33. Kg3 Ke4 34. Nc8 f5 35. Nd6+ Ke3 36. Ne8 f4+ 37. Kh2 Kf2 38. Nf6 h5 39. Ne4+ Ke3 40. Ng5 f3 41. Kg1 f2+ 42. Kf1 Nc4 43. Nf3 g5 44. h4 g4 45. g3 gxf3 0-1